When stars light the sky / Elizabeth Camden.
Available copies
- 2 of 2 copies available at LARL/NWRL Consortium.
Current holds
0 current holds with 2 total copies.
Show Only Available Copies
| Location | Call Number / Copy Notes | Barcode | Shelving Location | Status | Due Date |
|---|---|---|---|---|---|
| Hawley Public Library | C CAM (Text) | 33500014174155 | Main | Available | - |
| Hendrum LINK Site | C CAM (Text) | 33500014174148 | Main | Available | - |
Record details
- ISBN: 9780764241727
- ISBN: 0764241729
- ISBN: 9780764244490
- ISBN: 0764244493
- Physical Description: 347 pages : 22 cm.
- Publisher: Minneapolis, Minnesota : Bethany House, a division of Baker Publishing Group, [2025]
Content descriptions
| General Note: | Includes reading group discussion guide (pages 341-342). |
| Summary, etc.: | "When duty calls, Inga Klein sails for Berlin to ... Read More Inga Klein's carefree life in New York takes a ... Read More |
Search for related items by subject
| Genre: | Historical romance. Christian fiction. Historical fiction. Romance fiction. Novels. |
Search for related items by series
| LDR | 04414cam a22007818i 4500 | ||
|---|---|---|---|
| 001 | 458920 | ||
| 003 | LARL_NWRL_CONSORTIUM | ||
| 005 | 20250325144714.0 | ||
| 008 | 240621s2025 mnu e 000 1 eng | ||
| 010 | . | ‡a 2024026819 | |
| 040 | . | ‡aDLC ‡beng ‡erda ‡cDLC ‡dOCLCO ‡dYDX ‡dBDX ‡dIG# ‡dHBP ‡dSDD ‡dOCLCO ‡dGL4 ‡dOCLCO ‡dHCO | |
| 019 | . | ‡a1464916876 ‡a1464940498 | |
| 020 | . | ‡a9780764241727 ‡q(paperback) | |
| 020 | . | ‡a0764241729 ‡q(paperback) | |
| 020 | . | ‡a9780764244490 ‡q(casebound) | |
| 020 | . | ‡a0764244493 ‡q(casebound) | |
| 020 | . | ‡z9781493448876 ‡q(ebook) | |
| 035 | . | ‡a(OCoLC)1443489439 ‡z(OCoLC)1464916876 ‡z(OCoLC)1464940498 | |
| 042 | . | ‡apcc | |
| 082 | 0 | 0. | ‡a813/.54 ‡223/eng/20240621 |
| 100 | 1 | . | ‡aCamden, Elizabeth, ‡d1965- ‡eauthor. ‡1https://id.oclc.org/worldcat/entity/E39PCjxjc8qctjQPPTj6mJqrmb |
| 245 | 1 | 0. | ‡aWhen stars light the sky / ‡cElizabeth Camden. |
| 264 | 1. | ‡aMinneapolis, Minnesota : ‡bBethany House, a division of Baker Publishing Group, ‡c[2025] | |
| 300 | . | ‡a347 pages : ‡c22 cm. | |
| 336 | . | ‡atext ‡btxt ‡2rdacontent | |
| 337 | . | ‡aunmediated ‡bn ‡2rdamedia | |
| 338 | . | ‡avolume ‡bnc ‡2rdacarrier | |
| 490 | 0 | . | ‡aWomen of Midtown ; ‡v2 |
| 500 | . | ‡aIncludes reading group discussion guide (pages 341-342). | |
| 520 | . | ‡a"When duty calls, Inga Klein sails for Berlin to become the secretary for America's ambassador. The ambassador's imposing chief of staff, Benedict Kincaid, mistrusts German-born Inga immediately, but when tragedy strikes and war looms, a marriage of convenience may be Inga's only hope of safety"-- ‡cProvided by publisher. | |
| 520 | . | ‡aInga Klein's carefree life in New York takes a dramatic turn when she sails for Berlin, Germany, to serve as the secretary for America's ambassador. Amid the glamour of life at the embassy, she continually finds herself at odds with the straitlaced and imposing Benedict Kincaid, the diplomatic chief of staff who harbors deep misgivings toward the German-born Inga. As Europe hurtles toward World War I, Benedict's determination to keep America out of the conflict adds to the already tense atmosphere. Despite their relentless sparring, Inga and Benedict succeed in keeping the embassy afloat through one crisis after another. But when they run out of diplomatic options, a marriage of convenience may be Inga's only hope of escape from the impending war. ‡cback cover | |
| 610 | 1 | 0. | ‡aUnited States. ‡bEmbassy (Germany) ‡vFiction. |
| 650 | 0. | ‡aSecretaries ‡vFiction. ‡0(LARL_NWRL_CONSORTIUM)174886 | |
| 650 | 0. | ‡aGerman Americans ‡vFiction. ‡0(LARL_NWRL_CONSORTIUM)165399 | |
| 650 | 0. | ‡aAmbassadors ‡zUnited States ‡vFiction. | |
| 650 | 0. | ‡aDiplomats ‡vFiction. ‡0(LARL_NWRL_CONSORTIUM)171916 | |
| 650 | 0. | ‡aMan-woman relationships ‡vFiction. ‡0(LARL_NWRL_CONSORTIUM)165985 | |
| 650 | 0. | ‡aMarriage ‡vFiction. ‡0(LARL_NWRL_CONSORTIUM)166003 | |
| 650 | 0. | ‡aWorld War, 1914-1918 ‡vFiction. ‡0(LARL_NWRL_CONSORTIUM)168114 | |
| 651 | 0. | ‡aUnited States ‡xForeign relations ‡y1913-1921 ‡vFiction. | |
| 651 | 0. | ‡aBerlin (Germany) ‡y20th century ‡vFiction. | |
| 650 | 7. | ‡aFICTION / Christian / Romance / Historical. ‡2bisacsh | |
| 650 | 7. | ‡aFICTION / Christian / Historical. ‡2bisacsh | |
| 650 | 7. | ‡aFICTION / Romance / Historical / American. ‡2bisacsh | |
| 653 | . | ‡aHISTORICAL FICTION ‡aCLOSED DOOR ROMANCE ‡aDOWNTON ABBEY ‡aJOANNA SHUPE ‡aLISA KLEYPAS ‡aMIMI MATTHEWS ‡aKAISER ‡aHARPER ST. GEORGE ‡aTAMERA ALEXANDER ‡aENEMIES TO LOVERS ‡aCHRISTY AWARD ‡aGRUMPY SUNSHINE ‡aFLORIDA AUTHORS ‡aSET IN EUROPE ‡aAMERICAN EMBASSY ‡aEVIE DUNMORE ‡aGLAMOUR ‡aAMBASSADOR ‡aCBA BESTSELLERS ‡aHIGH SOCIETY | |
| 655 | 0. | ‡aHistorical romance. | |
| 655 | 7. | ‡aChristian fiction. ‡2lcgft | |
| 655 | 7. | ‡aHistorical fiction. ‡2lcgft | |
| 655 | 7. | ‡aRomance fiction. ‡2lcgft | |
| 655 | 7. | ‡aNovels. ‡2lcgft | |
| 905 | . | ‡uvanderl | |
| 901 | . | ‡a458920 ‡bAUTOGEN ‡c458920 ‡tbiblio ‡soclc | |

Add to basket
Permalink
Disable Highlighting